00339nam a2200133 a 450000500170000000800410001702000180005805000170007610000190009324500370011226000320014930000140018150000100019520140414132021.0040128s19uu xx 00 eng d a0-590-21103-x aTRbG26 1998 aMunsch, Robert aGet out of bed /cRobert Munsch. aU.S.A :bScholastic,c1998. ap. ; cm. aTR/PS